Transferencia de calor en ingeniería de procesos /

Guardado en:
Autor Principal: Cao, Eduardo.
Formato: Libro
Idioma:Spanish
Publicado: [Argentina] : transfecalor [distribuidor], 2004.
Materias:
Etiquetas: Agregar Etiqueta
Sin Etiquetas, Sea el primero en etiquetar este registro!
LEADER 00731nam a22002055a 4500
001 EIQ.libpla002969
008 070926s2004####ag#a##########000#0#spa#d
005 20080926160350.0
245 1 0 |a Transferencia de calor en ingeniería de procesos /  |c Eduardo Cao. 
260 |a [Argentina] :  |b transfecalor [distribuidor],  |c 2004. 
300 |a 431 p. :  |b il. ;  |c 30 cm. 
500 |a "Planillas de cálculo incluídas en www.transfecalor.com.ar"tp. 
020 |a 9874386207 
100 1 |a Cao, Eduardo. 
650 4 |a Procesos  |x Transferencia de calor. 
650 4 |a Calor  |x Transferencia. 
650 4 |a Heat  |x Transfer. 
650 4 |a Processes  |x Heat transfer. 
040 |a AR-BbSID  |b spa  |c AR-BbSID 
859 |a AR-BbSID  |b BIB. PLAPIQUI  |h 660.284 27  |i C 169  |p 5769